Pierwsza pancerna /
Zapisane w:
| 1. autor: | |
|---|---|
| Korporacja: | |
| Format: | Książka |
| Język: | polski |
| Wydane: |
Warszawa :
"Czytelnik",
1979.
|
| Wydanie: | Wyd. 6. |
| Hasła przedmiotowe: | |
| Etykiety: |
Nie ma etykietki, Dołącz pierwszą etykiete!
|
MARC
| LEADER | 00000nam a2200000 i 4500 | ||
|---|---|---|---|
| 001 | 991014269249705066 | ||
| 005 | 20260515140226.0 | ||
| 008 | 000710s1979 pl abc |000 0 pol | ||
| 035 | |a 991014269249705066 | ||
| 035 | |a (PL-WaBN)b13832761-48omnis_nlop | ||
| 035 | |a b13832761 | ||
| 035 | |a (OCoLC)830283223 | ||
| 035 | |a (PL)b0000001383276 | ||
| 035 | |a (EXLNZ-48OMNIS_NETWORK)9910116051205606 | ||
| 040 | |a WA N |c WA N |d WA N |d OLSZT 003 | ||
| 041 | 0 | |a pol | |
| 080 | |a 943.8.082.1+943.8.082.3:[358.119(=84):929(438)A/Z]"19" | ||
| 090 | |c 53 |d 52 | ||
| 100 | 1 | |a Skibiński, Franciszek |d (1899-1991) | |
| 245 | 1 | 0 | |a Pierwsza pancerna / |c Franciszek Skibiński. |
| 250 | |a Wyd. 6. | ||
| 260 | |a Warszawa : |b "Czytelnik", |c 1979. | ||
| 300 | |a 467, [5] s., [10] k. tabl. : |b il., mapy, portr. ; |c 20 cm. | ||
| 600 | 1 | 7 | |a Skibiński, Franciszek |d (1899-1991) |
| 600 | 1 | 0 | |a Skibiński, Franciszek, |d 1899-1991. |
| 610 | 2 | 0 | |a Poland. |b Polskie Siły Zbrojne. |b Dywizja Pancerna, 1 |
| 650 | |a II wojna światowa (1939-1945) | ||
| 650 | 7 | |a Wojska pancerne | |
| 650 | 0 | |a World War, 1939-1945 |v Personal narratives, Polish | |
| 650 | 0 | |a World War, 1939-1945 |x Regimental histories |z Poland | |
| 651 | 7 | |a Polska | |
| 710 | 2 | |a Czytelnik | |
| 942 | |c K | ||
| 952 | |0 0 |1 0 |4 0 |6 R__31_000000000000000 |7 0 |9 51 |a RYT |b RYT |d 2026-03-17 |e 1/2026 |g 10.00 |l 0 |o R.31 |p 2000000000312 |r 2026-05-15 14:02:26 |w 2026-05-15 |y BK |z da | ||
| 999 | |c 51 |d 51 | ||